000 00480nam a2200193Ia 4500
005 20240823015814.0
008 240823s9999||||xx |||||||||||||| ||und||
020 _a81-7596-038-8
041 _aENGLISH
082 _A621.317 P5
100 _aShepherd W [etal]
245 0 _aPower Electronics and Motor Control
250 _a2nd
260 _c2005
_b"Cambridge,New Delhi"
500 _aYES
650 _aPower Electronics
_bInstrumentation
942 _cBK
999 _c173284
_d173284